5HLuxD.jpg

KING HENRY VIII SENIOR AND PRIMARY SCHOOL LIBRARY OPAC

Midnight / (Record no. 2199)

000 -LEADER
fixed length control field 00778nam a2200253 a 4500
001 - CONTROL NUMBER
control field 017259549
003 - CONTROL NUMBER IDENTIFIER
control field UkOxU
005 - DATE AND TIME OF LATEST TRANSACTION
control field 20230327111454.0
008 - FIXED-LENGTH DATA ELEMENTS--GENERAL INFORMATION
fixed length control field 080715r20082003enka j 000 1 eng d
015 ## - NATIONAL BIBLIOGRAPHY NUMBER
National bibliography number GBA890721
Source bnb
020 ## - INTERNATIONAL STANDARD BOOK NUMBER
International Standard Book Number 9780440868545 (pbk.)
035 ## - SYSTEM CONTROL NUMBER
System control number (Uk)014674008
040 ## - CATALOGING SOURCE
Original cataloging agency StDuBDS
Language of cataloging eng
Transcribing agency StDuBDS
082 04 - DEWEY DECIMAL CLASSIFICATION NUMBER
Classification number 823.914 WIL
Edition number 22
100 1# - MAIN ENTRY--PERSONAL NAME
Personal name Wilson, Jacqueline.
Relator term author
245 10 - TITLE STATEMENT
Title Midnight /
Statement of responsibility, etc. Jacqueline Wilson ; illustrated by Nick Sharratt.
260 ## - PUBLICATION, DISTRIBUTION, ETC.
Place of publication, distribution, etc. London :
Name of publisher, distributor, etc. Yearling,
Date of publication, distribution, etc. 2008.
300 ## - PHYSICAL DESCRIPTION
Extent 190 p. :
Other physical details ill. ;
Dimensions 20 cm.
500 ## - GENERAL NOTE
General note Originally published: London : Doubleday, 2003.
650 #0 - SUBJECT ADDED ENTRY--TOPICAL TERM
Topical term or geographic name entry element Brothers
Form subdivision Juvenile fiction.
650 #0 - SUBJECT ADDED ENTRY--TOPICAL TERM
Topical term or geographic name entry element Family secrets
Form subdivision Juvenile fiction.
700 1# - ADDED ENTRY--PERSONAL NAME
Personal name Sharratt, Nick.
Relator term illustrator
942 ## - ADDED ENTRY ELEMENTS (KOHA)
Source of classification or shelving scheme
Koha item type Books - Non Ficton
Holdings
Withdrawn status Lost status Source of classification or shelving scheme Damaged status Not for loan Collection code Permanent Location Current Location Shelving location Date acquired Full call number Barcode Date last seen Price effective from Koha item type Total Checkouts Date last checked out
          Non-Fiction KH8 Primary School Library KH8 Primary School Library Non Fiction 2023-03-27 823.914 WIL KHPL000003944 2025-12-05 2023-03-27 Books - Non Ficton    
          Non-Fiction KH8 Primary School Library KH8 Primary School Library Non Fiction 2023-03-27 823.914 WIL KHPL000003943 2025-12-05 2023-03-27 Books - Non Ficton 1 2023-05-17

Powered By KH8 IT Dept